| 000 | 00970pam a2200325 i 4500 | ||
|---|---|---|---|
| 999 |
_c27091 _d27063 |
||
| 001 | 016015214 | ||
| 003 | Uk | ||
| 005 | 20190207102639.0 | ||
| 008 | 120117s2013 ohua 001 0 eng d | ||
| 015 |
_aGBB206871 _2bnb |
||
| 016 | 7 |
_a016015214 _2Uk |
|
| 020 | _a9781111822637 (pbk.) : | ||
| 020 | _a1111822638 (pbk.) : | ||
| 040 |
_aStDuBDS _beng _cStDuBDS _dUk _dEG-ScBUE |
||
| 082 | 0 | 4 |
_a658 _222 _bDAF |
| 100 | 1 | _aDaft, Richard L. | |
| 245 | 1 | 0 |
_aManagement : _bthe new workplace / _cRichard Daft, Dorothy Marcic. |
| 250 | _a8th international edition (cover). | ||
| 264 |
_a[Mason, Ohio] : _bSouth-Western, _c2013. |
||
| 300 |
_axxix, 706 pages : _billustrations ; _c26 cm. |
||
| 336 |
_atext _2rdacontent |
||
| 337 |
_aunmediated _2rdamedia |
||
| 338 |
_avolume _2rdacarrier |
||
| 500 | _aIncludes index. | ||
| 500 |
_aFormerly CIP. _5Uk |
||
| 650 | 7 |
_aManagement. _2BUEsh |
|
| 653 | _cFebruary2019 | ||
| 700 | 1 |
_aMarcic, Dorothy. _920034 |
|
| 942 |
_2ddc _cBB |
||